| 000 | 00389 a2200157 4500 | ||
|---|---|---|---|
| 005 | 20250527081042.0 | ||
| 020 | _a0-434-91859-8 | ||
| 082 | _a658. 8 HAR | ||
| 100 | _aHART, N. A. | ||
| 245 | _aGlossary Of Marketig Terms | ||
| 250 | _a3rd Ed. | ||
| 260 |
_aLondon, _bHeinemann Professional Publishing, _c1987. |
||
| 300 |
_aix, 225p. _c23cm. |
||
| 700 | _aSTAPLETON, J. | ||
| 942 |
_2ddc _cBKS |
||
| 999 |
_c2699 _d2699 |
||